Normal view
MARC view
- Said W,Edward
Entry Personal Name
001 - CONTROL NUMBER
- control field: 108480
003 - CONTROL NUMBER IDENTIFIER
- control field: NUST
005 - DATE AND TIME OF LATEST TRANSACTION
- control field: 20230202125838.0
008 - FIXED-LENGTH DATA ELEMENTS
- fixed length control field: 230202|| aca||aabn | a|a d
040 ## - CATALOGING SOURCE
- Original cataloging agency: NUST
- Transcribing agency: NUST
100 ## - HEADING--PERSONAL NAME
- Personal name: Said W,Edward
670 ## - SOURCE DATA FOUND
- Source citation: Work cat.: (NUST)178791: Said W,Edward, Orientalism
